| 000 | 02089cam a22003374a 4500 | ||
|---|---|---|---|
| 999 |
_c7164 _d7164 |
||
| 001 | 16217212 | ||
| 003 | OSt | ||
| 005 | 20210908105932.0 | ||
| 008 | 100504s2008 ne a b 001 0 eng c | ||
| 010 | _a 2010279124 | ||
| 015 |
_aGBA768623 _2bnb |
||
| 016 | 7 |
_a013828849 _2Uk |
|
| 020 | _a9780444527400 (pbk.) | ||
| 020 | _a0444527400 (pbk.) | ||
| 035 | _a(OCoLC)ocn166625782 | ||
| 040 |
_aUKM _cDDC _dBAKER _dYDXCP _dBTCTA _dIQU _dVET _dZWZ _dDLC |
||
| 042 | _apcc | ||
| 050 | 0 | 0 |
_aQP531 _b.C75 2008 |
| 082 | 0 | 0 | _a546CRI2008 |
| 100 | 1 |
_aCrichton, Robert R. _914746 |
|
| 245 | 1 | 0 |
_aBiological inorganic chemistry : _ban introduction _cEdited by Crichton,Robert R. with the collaboration of Lallemand,Fré́́deric; Psalti,Ioanna S.M. and Ward,Roberta J. |
| 250 | _a1st ed. | ||
| 260 |
_aAmsterdam ; _aBoston : _bElsevier, _c2008. |
||
| 300 |
_axii,369p _bill. (some col.) ; _c24 cm. |
||
| 504 | _aIncludes; bibliographical references and index. | ||
| 505 | 0 | _aAn overview of metals in biology -- Basic coordination chemistry for biologists -- Biological ligands for metal ions -- Structural and molecular biology for chemists -- An overview of intermediary metabolism and bioenergetics -- Methods to study metals in biological systems -- Metal assimilation pathways -- Transport, storage and homeostatis of metal ions -- Sodium and potassium : channels and pumps -- Magnesium-phosphate metabolism and photoreceptors -- Calcium : cellular signalling -- Zinc : Lewis acid and gene regulator -- Iron : essential for almost all life -- Copper : coping with dioxygen -- Nickel and cobalt : evolutionary relics -- Manganese : water splitting, oxygen atom donor -- Molybdenum, tungsten, vanadium and chromium -- Metals in brain and their role in various neurodegenerative diseases -- Biomineralization -- Metals in medicine and the environment. | |
| 650 | 0 |
_aChemistry _9797 |
|
| 906 |
_a7 _bcbc _cpccadap _d2 _encip _f20 _gy-gencatlg |
||
| 942 |
_2ddc _cO_SHELF |
||